A Timeline of My Adult Life (on a Map) - Statistics

General Stats
  • This quiz has been taken 224 times
  • The average score is 30 of 188
Answers on the Map
Answers color-coded by a green-red scale on the quiz's map according to % correct below.
 
Answer Stats
Answer % Correct
CA Los Angeles
96%
CA San Francisco
83%
CA San Diego
82%
CO Denver
74%
UT Salt Lake City
73%
WA Seattle
68%
MA Boston
63%
NV Las Vegas
63%
FL Tampa
62%
FL Orlando
60%
FL Jacksonville
58%
MN St. Paul
57%
OR Portland
56%
CO Colorado Springs
55%
CA Anaheim
52%
WY Cheyenne
49%
WA Spokane
49%
MT Billings
47%
CO Boulder
47%
CA Long Beach
43%
CA Bakersfield
41%
WA Tacoma
41%
CA San Bernardino
40%
SD Sioux Falls
40%
NY Albany
39%
CA Santa Barbara
38%
NH Concord
37%
CA Santa Monica
37%
OR Salem
36%
MT Butte
34%
CO Fort Collins
34%
MT Bozeman
33%
CA Santa Ana
33%
WA Vancouver
32%
UT Ogden
30%
CA Palm Springs
30%
CA Irvine
29%
UT St. George
29%
CO Grand Junction
27%
CO Pueblo
27%
CA Chula Vista
26%
CA Pasadena
25%
WY Casper
24%
VT Springfield
24%
UT Moab
20%
CA Oceanside
20%
FL St. Augustine
20%
WY Laramie
18%
CO Vail
18%
CA San Luis Obispo
17%
NV Paradise
16%
VT Brattleboro
15%
CA Carlsbad
15%
CO Golden
15%
CO Greeley
15%
WA Lakewood
15%
SD Wall
15%
UT Beaver
14%
CA Escondido
14%
CA Indio
14%
CA San Clemente
13%
AZ Grand Canyon Village
12%
WA Kent
12%
CO Loveland
12%
UT Salina
12%
CA Barstow
11%
WY Buffalo
11%
CA Coronado
11%
AZ Kingman
11%
CA Laguna Beach
11%
CO Thornton
11%
CA Twentynine Palms
11%
CA Weed
11%
VT Bennington
10%
CO Breckenridge
10%
WA Bremerton
10%
UT Cedar City
10%
CO Estes Park
10%
MT Kalispell
10%
CO Longmont
10%
CA Mission Viejo
10%
CO Steamboat Springs
10%
CA Temecula
10%
CA Yreka
10%
CO Castle Rock
9%
CA Encinitas
9%
CA Joshua Tree
9%
OR Ashland
8%
CO Fruita
8%
CO Glenwood Springs
8%
NH Keene
8%
CO Montrose
8%
CO Monument
8%
CA Mount Shasta
8%
CA Murrieta
8%
CA Needles
8%
WA Renton
8%
CO Rifle
8%
CA San Marcos
8%
MN St. Peter
8%
CA Vista
8%
CA Camp Pendleton
7%
CA Del Mar
7%
WA East Wenatchee
7%
UT Green River
7%
CO Louisville
7%
CA National City
7%
CA San Rafael
7%
CA Visalia
7%
NH Claremont
6%
WA Gig Harbor
6%
CO Lafayette
6%
CO Leadville
6%
SD Mitchell
6%
CA Perris
6%
CA Poway
6%
CA Redlands
6%
CA Redwood City
6%
CA Santee
6%
CA Solana Beach
6%
UT Springdale
6%
CO Windsor
6%
CO Brighton
5%
WA Edmonds
5%
CA Fallbrook
5%
CO Georgetown
5%
CO Idaho Springs
5%
CA Julian
5%
AZ Kayenta
5%
WA Kingston
5%
CA Lake Elsinore
5%
NV Mesquite
5%
GA St. Mary's
5%
CA Yucca Valley
5%
FL Yulee
5%
CA Bonsall
4%
CO Fairplay
4%
NV Goodsprings
4%
CO Gunnison
4%
SD Hot Springs
4%
WA Leavenworth
4%
MT Livingston
4%
CA Porterville
4%
NV Primm
4%
UT Promontory
4%
VT Putney
4%
CA Rainbow
4%
CA Ridgecrest
4%
WA Shelton
4%
NV Sloan
4%
WY Torrington
4%
WA Allyn
3%
CO Berthoud
3%
CO Buena Vista
3%
VT Chester
3%
WY Chugwater
3%
UT Circleville
3%
WA Cle Elum
3%
UT Crescent Junction
3%
NY Granville
3%
CA Hollister
3%
NY Hoosick
3%
CO Johnstown
3%
WY Kaycee
3%
CA Morongo Valley
3%
FL Mount Dora
3%
CA Ocotillo Wells
3%
UT Panguitch
3%
CO Poncha Springs
3%
CO Walden
3%
VT Weathersfield
3%
CO Wellington
3%
CA Cabazon
2%
ID Dubois
2%
CA Earlimart
2%
CO Fairview
2%
VT Grafton
2%
MT Hardin
2%
CA Inyokern
2%
CO Keota
2%
CA Kernville
2%
CA Lake Isabella
2%
CO LaPorte
2%
OR Oakridge
2%
CO Rye
2%
MT Seely Lake
2%
WA Vaughn
2%
MN Windom
1%
No matching quizzes found
Score Distribution
Percent of People with Each Score
Percentile by Number Answered
Your Score History
You have not taken this quiz